Обзор способов разработки залежей высоковязких нефтей и битумов; Проблемы геологии и освоения недр; Т. 2

Detalles Bibliográficos
Parent link:Проблемы геологии и освоения недр: труды XXI Международного симпозиума имени академика М. А. Усова студентов и молодых ученых, посвященного 130-летию со дня рождения профессора М. И. Кучина, Томск, 3-7 апреля 2017 г./ Национальный исследовательский Томский политехнический университет (ТПУ), Институт природных ресурсов (ИПР) ; под ред. А. С. Боева.— , 2017
Т. 2.— 2017.— [С. 462-465]
Autor Principal: Власов М. С.
Autor Corporativo: Национальный исследовательский Томский политехнический университет (ТПУ) Институт природных ресурсов (ИПР) Кафедра бурения скважин (БС)
Outros autores: Епихин А. В. Антон Владимирович (научный руководитель)
Summary:Заглавие с экрана
Idioma:ruso
Publicado: 2017
Series:Современные техника и технологии бурения скважин
Subjects:
Acceso en liña:http://earchive.tpu.ru/handle/11683/42158
Formato: Electrónico Capítulo de libro
KOHA link:https://koha.lib.tpu.ru/cgi-bin/koha/opac-detail.pl?biblionumber=623417

MARC

LEADER 00000naa2a2200000 4500
001 623417
005 20231101133248.0
035 |a (RuTPU)RU\TPU\conf\22365 
035 |a RU\TPU\conf\22362 
090 |a 623417 
100 |a 20170816d2017 k y0rusy50 ca 
101 0 |a rus 
102 |a RU 
105 |a y z 100zy 
135 |a drgn ---uucaa 
181 0 |a i  
182 0 |a b 
200 1 |a Обзор способов разработки залежей высоковязких нефтей и битумов  |f М. С. Власов  |g науч. рук. А. В. Епихин 
203 |a Текст  |c электронный 
225 1 |a Современные техника и технологии бурения скважин 
230 |a 1 компьютерный файл (pdf; 902 Kb) 
300 |a Заглавие с экрана 
320 |a [Библиогр.: с. 464-465 (11 назв.)] 
461 1 |0 (RuTPU)RU\TPU\conf\21932  |t Проблемы геологии и освоения недр  |o труды XXI Международного симпозиума имени академика М. А. Усова студентов и молодых ученых, посвященного 130-летию со дня рождения профессора М. И. Кучина, Томск, 3-7 апреля 2017 г.  |o в 2 т.  |f Национальный исследовательский Томский политехнический университет (ТПУ), Институт природных ресурсов (ИПР) ; под ред. А. С. Боева  |d 2017 
463 1 |0 (RuTPU)RU\TPU\conf\21938  |t Т. 2  |v [С. 462-465]  |d 2017 
610 1 |a труды учёных ТПУ 
610 1 |a электронный ресурс 
610 1 |a обзоры 
610 1 |a разработки 
610 1 |a залежи нефти 
610 1 |a высоковязкие нефти 
610 1 |a битумы 
610 1 |a горизонтальные скважины 
610 1 |a бурение скважин 
700 1 |a Власов  |b М. С. 
702 1 |a Епихин  |b А. В.  |c специалист в области нефтегазового дела  |c ассистент кафедры Томского политехнического университета  |f 1988-   |g Антон Владимирович  |2 stltpush  |4 727 
712 0 2 |a Национальный исследовательский Томский политехнический университет (ТПУ)  |b Институт природных ресурсов (ИПР)  |b Кафедра бурения скважин (БС)  |h 256  |2 stltpush  |3 (RuTPU)RU\TPU\col\18666 
801 2 |a RU  |b 63413507  |c 20170905  |g RCR 
856 4 |u http://earchive.tpu.ru/handle/11683/42158 
942 |c BK